Linear algebra and matrix theory / (Record no. 149)

MARC details
000 -LEADER
Fixed length control field 00482nam a2200181 4500
003 - CONTROL NUMBER IDENTIFIER
Control field SEACOMEC
005 - DATE AND TIME OF LATEST TRANSACTION
Control field 20241122122003.0
008 - FIXED-LENGTH DATA ELEMENTS--GENERAL INFORMATION
Fixed length control field 231006b |||||||| |||| 00| 0 eng d
020 ## - INTERNATIONAL STANDARD BOOK NUMBER / ISBN
International Standard Book Number 9780122829703
Price 295.00
040 ## - CATALOGING SOURCE
Original cataloging agency SEACOMEC
082 ## - DEWEY DECIMAL CLASSIFICATION NUMBER
Classification number 512.5
Book Number G456
100 1# - MAIN ENTRY--PERSONAL NAME
Personal name Gilbert, Jimmie
245 1# - TITLE STATEMENT
Title Linear algebra and matrix theory /
Statement of responsibility Jimmie Gilbert and Linda Gilbert
260 ## - IMPRINT
Place of publication New Delhi
Name of publisher Elsevier
Date of publication 2006
650 ## - SUBJECT ADDED ENTRY--TOPICAL TERM
Topical term Algebra
700 1# - ADDED ENTRY--PERSONAL NAME
Personal name Gilbert, Linda
942 ## - ADDED ENTRY ELEMENTS (KOHA)
Koha item type Books
Holdings
Withdrawn status Lost status Source of classification Damaged status Not for loan Home library Current library Date acquired Total Checkouts Call number Accession number Date last seen Price effective from Koha item type Copy number
    Dewey Decimal Classification     SEACOM ENGINEERING COLLEGE SEACOM ENGINEERING COLLEGE 03/08/2006   512.5 G456 5117 06/10/2023 06/10/2023 Books  
    Dewey Decimal Classification     SEACOM ENGINEERING COLLEGE SEACOM ENGINEERING COLLEGE 31/07/2007   512.5 G456 7777 22/11/2024 22/11/2024 Books 1
© Seacom Engineering College, All rights reserved.      Powered by Koha